000 01076cam a2200337 a 4500
001 16018257
005 20150504110738.0
008 091211s2010 enk frbd 001 0 eng d
020 _a9780415553193 (hbk)
020 _a0415553199 (hbk)
020 _a9780415553209 (pbk)
020 _a0415553202 (pbk)
020 _a9780203871973 (ebk)
020 _a0203871979 (ebk)
040 _aDLC
_beng
_cDLC
_dYDX
_dBTCTA
_dYDXCP
_dUKM
_dBWK
_dBWX
_dCDX
_dDLC
_dEG-ScBUE
082 0 4 _a070.43
_bFRO
_222
100 1 _aFrost, Chris,
_d1950-
_937799
245 1 0 _aReporting for journalists /
_cChris Frost.
250 _a2nd ed.
260 _aAbingdon, England ;
_aNew York :
_bRoutledge / Taylor & Francis Group,
_c2010.
300 _a208 p. ;
_c24 cm.
490 0 _aMedia skills
500 _aIndex : p. 204-208.
500 _aGlossary : p. 188-190.
504 _aBibliography : p. 197-203.
650 7 _aReporters and reporting.
_2BUEsh
_937383
650 7 _aJournalism.
_2BUEsh
_937800
653 _bCOMAME
_cMay2015
655 _vreading book
_934232
942 _2ddc
_k070.43 FRO
999 _c19259
_d19231